000 00286nam a22001217a 4500
008 190226b xxu||||| |||| 00| 0 eng d
041 _aeng
080 _a941
100 _a18
101 _aSHH
245 _aMorocco Land of Promise the spirit of a King and a people
942 _2udc
_cBK
999 _c54301
_d54301